000
00332nam a2200145Ia 4500
100
_a
Lipschutz/Seymour
942
_c
BK
654
_a
Mathematics
245
_a
Int. Probability and Statistics
260
_b
Schaums outline series
_a
New Delhi
_c
1998
082
_a
519.2
_b
LIP
300
_a
365
546
_a
ENGLISH
999
_c
31295
_d
31295